000 00443nam a2200169 4500
003 SEACOMEC
005 20240105124611.0
008 240105b |||||||| |||| 00| 0 eng d
020 _cRs.198.00
040 _aSEACOMEC
082 _a530.12
_bG411
100 _aGhatak,Ajoy
245 1 _aBasic quantum mechanics
_cAjoy Ghatak
260 _aDelhi
_bMcmillan
_c2002
650 _aNatural sciences .Quantum mechanics (Quantum theory)
942 _cBOOK
999 _c413
_d413